000 01065nam a2200241 a 4500
001 000023923
005 20200930022555.0
008 110117s20uu sp e 000 0 spa d
040 _aDO-SdBNP
_bspa
_cBNPHU
082 _aR 613
_bE56
245 0 0 _aEnciclopedia de la salud /
_cdirección médica Dr. Yves Morin, con la colaboración del Dr. Didier Armengaud y del Dr. Bernard Guyot.
260 _aColombia :
_bLarousse,
_c[200?].
300 _a5v. :
_bil. ;
_c27 cm.
500 _aTexto a dos columnas
500 _aIncluye índice
505 0 _gv.1.
_tAccidente vascular cerebral. Diarrea --
_gv.2.
_tDientes. Mononucleosis --
_gv.3.
_tNeumonía. Vulvovaginitis --
_gv.4.
_tLa medicina hoy. Maternidad y cuidados del niño --
_gv.5.
_tPrimeros auxilios. La alimentación. Glosario. Índice.
650 4 _aSalud
_vENCICLOPÉDIAS Y DICCIONARIOS
_949222
650 4 _aMedicina
_vENCICLOPÉDIAS Y DICCIONARIOS
_949223
700 1 2 _aMorin, Yves
_949224
700 1 2 _aArmengaud, Didier
_949225
700 1 2 _aGuyot, Bernard
_949226
910 _aValidado. Control de calidad MFF
999 _c23419
_d23419